000 00458nam a2200169 i 4500
001 85139
003 ES-MaACL
005 20230906175205.0
007 t|
008 041125s1936 fr ||||1| fre d
100 1 _aJouglet, René.
_967019
245 1 0 _aSoleil levant
_b: roman /
_cRené Jouglet.
250 _a5éme éd.
260 _aParis :
_bGrasset,
_c[1936] (
_eMontrouge :
_fImp. Moderne)
300 _a252 p. ;
_c19 cm.
852 _aES-MaACL
_jA-4215
999 _c85139
_d85139